Computer science : a structured programming approach using C++

Αποθηκεύτηκε σε:
Λεπτομέρειες βιβλιογραφικής εγγραφής
Κύριος συγγραφέας: Forouzan, Behrouz A.
Άλλοι συγγραφείς: Gilberg, Richard F.
Μορφή: Βιβλίο
Γλώσσα:English
Δημοσίευση: Pacific Grove, CA : Brooks/Cole, c2000
Θέματα:
Ετικέτες: Προσθήκη ετικέτας
Δεν υπάρχουν, Καταχωρήστε ετικέτα πρώτοι!

MARC

LEADER 00000cam a2200000 i 4500
001 1/18284
008 010313s2000 eng d
020 |a 0-534-95207-0 
035 |l 10066437 
040 |a GR-MY-UA  |b gre  |e aacr 
041 0 |a eng 
082 0 |a 005.133 
100 1 |a Forouzan, Behrouz A. 
245 1 0 |a Computer science :  |b a structured programming approach using C++ /  |c Behrouz Forouzan, Richard Gilberg 
260 |a Pacific Grove, CA :   |b Brooks/Cole,   |c c2000 
300 |a xxvii, 881 p. 
504 |a Includes index 
650 0 0 |a C++ (Computer program language) 
650 0 0 |a Structured programming. 
700 1 |a Gilberg, Richard F. 
852 |a INST  |b CHIOS  |e 20010313  |h 005.133 FOR  |p 005200017337  |q 005200017337  |t BK  |y 0 
901 |a BIBL2-2001-1 
909 |a Χ  |b 083274 
970 |a ΣΠΕΝΤΖΑ  |b ΕΛΕΝΗ  |z 2001/03/13